Nba players from Africa - Statistics

General Stats
  • This quiz has been taken 10 times
  • The average score is 7 of 12
Answer Stats
Hint Answer % Correct
Dr congo Dikembe Mutombo
100%
Cameroon Joel Embiid
100%
Sudan Bol Bol
86%
South Sudan/Sudan Manute Bol
86%
Nigeria Hakeem Olajuwon
71%
Cameroon Pascal siakam
71%
Senegal Gorgui Dieng
43%
South Sudan/Sudan Luol Deng
43%
Dr congo Bismack Biyombo
29%
Nigeria Josh Okogie
14%
Dr congo Serge Ibaka
14%
Dr congo Emmanuel Mudiay
0%
No matching quizzes found
Score Distribution
Percent of People with Each Score
Percentile by Number Answered
Your Score History
You have not taken this quiz